000 00522nam a2200193 a 4500
003 OSt
005 20150319154159.0
008 020226s1972 esp 000 d spa d
020 _a84-265-7123-9
040 _cBMC
082 _a808.83146
100 1 _aPerruca, Joaquín Esteban
_910030
245 1 0 _aCuentos del último día
_cJoaquín Esteban Perruca
260 _aMadrid
_bEMESA
_cD.L. 1972
300 _a197 p.
_c18 cm
490 0 _aNovelas y cuentos
_v124
650 2 4 _930991
_aCuentos españoles
942 _2ddc
_cBK
999 _c18800
_d18800